000 01189nam a2200217Ia 4500
001 7332
003 GE_BSU
008 181216s||||||||xx |||||||||||||| ||und||
020 _a9789941407031
040 _cGE_BSU
080 _a930.22(=512.161)
245 _aჩილდირის ვილაიეთის მოკლე/იჯმალ/დავთარი.
245 _cთურქული ტექსტი, ქართული თარგმანით, შესავლით, შენიშვნ. და ფაქსიმილეებით გამოსაცემად მოამზადეს მირიან მახარაძემ და ნოდარ შენგელიამ. რედ.: ზაზა შაშიკაძე.
250 _aივანე ჯავახიშვილის სახ. თბილისის სახ. უნ–ტი.
260 _aთბილისი.
260 _bჰოროსი XXI.
260 _c2008.
300 _a360 გვ.; 21 სმ.
653 _aჩილდირის ვილაიეთის მოკლე/იჯმალ/დავთარი.
942 _cBK
999 _c40697
_d40697